000 00333nam a2200145Ia 4500
008 230718s9999 xx 000 0 und d
041 _aEng.
082 _a343.055
_bKHO-C
100 _aKhorkhar, Anwer
245 0 _aCivil law digest
260 _aPakistan
_bPakistan Lahore
_c2018
300 _a626
650 _aLaw
999 _c32274
_d32274